[Event "DVM U12 2024"]
[Site "Heidelberg GER"]
[Date "2024.12.30"]
[Round "7"]
[White "Vu, Hoang Bach"]
[Black "Shen, Tingrui"]
[Result "0-1"]
[Termination "normal"]
[Board "1.1"]
[WhiteElo "1779"]
[BlackElo "2164"]
[WhiteClock "01:13:31"]
[BlackClock "00:46:23"]
[WhiteTeam "SC Borussia Lichtenberg"]
[BlackTeam "TV Tegernsee"]
[PlyCount "70"]
[WhiteFideId "12436992"]
[BlackFideId "34603441"]
[EventCountry "GER"]
[EventRounds "7"]
[EventType "team-swiss"]
[EventDate "2024.12.26"]

1. Nf3 {[%clk 01:30:52]} {[%emt 00:00:07]} Nf6 {[%clk 01:30:25]} {[%emt
00:00:35]} 2. g3 {[%clk 01:31:09]} {[%emt 00:00:14]} g6 {[%clk 01:30:02]}
{[%emt 00:00:52]} 3. Bg2 {[%clk 01:31:17]} {[%emt 00:00:23]} Bg7 {[%clk
01:30:19]} {[%emt 00:00:12]} 4. O-O {[%clk 01:31:41]} {[%emt 00:00:05]} O-O
{[%clk 01:29:42]} {[%emt 00:01:08]} 5. b3 {[%clk 01:31:27]} {[%emt 00:00:45]}
Ne4 {[%clk 01:28:54]} {[%emt 00:01:17]} 6. c3 {[%clk 01:29:07]} {[%emt
00:02:50]} d5 {[%clk 01:28:59]} {[%emt 00:00:24]} 7. Ba3 {[%clk 01:28:52]}
{[%emt 00:00:45]} c5 {[%clk 01:27:32]} {[%emt 00:01:57]} 8. d4 {[%clk
01:28:45]} {[%emt 00:00:37]} Nc6 {[%clk 01:24:33]} {[%emt 00:03:29]} 9. e3
{[%clk 01:27:50]} {[%emt 00:01:26]} Re8 {[%clk 01:21:23]} {[%emt 00:03:39]} 10.
Nfd2 {[%clk 01:27:26]} {[%emt 00:00:54]} cxd4 {[%clk 01:18:01]} {[%emt
00:03:53]} 11. Nxe4 {[%clk 01:25:32]} {[%emt 00:02:23]} dxe4 {[%clk 01:17:19]}
{[%emt 00:01:11]} 12. cxd4 {[%clk 01:25:48]} {[%emt 00:00:15]} Nxd4 {[%clk
01:15:53]} {[%emt 00:01:57]} 13. Nd2 {[%clk 01:18:32]} {[%emt 00:07:47]} Nb5
{[%clk 01:14:39]} {[%emt 00:01:43]} 14. Nc4 {[%clk 01:16:44]} {[%emt 00:02:19]}
Nxa3 {[%clk 01:13:17]} {[%emt 00:01:52]} 15. Nxa3 {[%clk 01:17:04]} {[%emt
00:00:09]} Bxa1 {[%clk 01:12:50]} {[%emt 00:00:57]} 16. Qxa1 {[%clk 01:17:29]}
{[%emt 00:00:06]} Bf5 {[%clk 01:12:52]} {[%emt 00:00:27]} 17. Qe5 {[%clk
01:14:44]} {[%emt 00:03:15]} Qd2 {[%clk 01:11:26]} {[%emt 00:01:56]} 18. h4
{[%clk 01:10:28]} {[%emt 00:04:46]} h5 {[%clk 01:08:45]} {[%emt 00:03:10]} 19.
Nb5 {[%clk 01:10:42]} {[%emt 00:00:17]} Rac8 {[%clk 01:07:12]} {[%emt
00:02:03]} 20. Nd4 {[%clk 01:10:46]} {[%emt 00:00:26]} Bg4 {[%clk 01:05:12]}
{[%emt 00:02:29]} 21. Qg5 {[%clk 01:09:48]} {[%emt 00:01:29]} Rc1 {[%clk
01:03:38]} {[%emt 00:02:04]} 22. Bxe4 {[%clk 01:09:51]} {[%emt 00:00:27]} Rxf1+
{[%clk 01:01:33]} {[%emt 00:02:34]} 23. Kxf1 {[%clk 01:10:17]} {[%emt
00:00:05]} Bh3+ {[%clk 00:58:42]} {[%emt 00:03:20]} 24. Kg1 {[%clk 01:10:45]}
{[%emt 00:00:03]} Qe1+ {[%clk 00:50:51]} {[%emt 00:08:20]} 25. Kh2 {[%clk
01:11:09]} {[%emt 00:00:07]} Bf1 {[%clk 00:49:34]} {[%emt 00:01:47]} 26. Nf5
{[%clk 01:11:04]} {[%emt 00:00:35]} Qxf2+ {[%clk 00:48:02]} {[%emt 00:02:02]}
27. Kh1 {[%clk 01:11:30]} {[%emt 00:00:04]} Bg2+ {[%clk 00:46:41]} {[%emt
00:01:50]} 28. Bxg2 {[%clk 01:11:46]} {[%emt 00:00:15]} Qxf5 {[%clk 00:46:56]}
{[%emt 00:00:15]} 29. Qxf5 {[%clk 01:12:13]} {[%emt 00:00:04]} gxf5 {[%clk
00:47:08]} {[%emt 00:00:18]} 30. Bxb7 {[%clk 01:12:38]} {[%emt 00:00:06]} Rd8
{[%clk 00:47:03]} {[%emt 00:00:33]} 31. e4 {[%clk 01:11:58]} {[%emt 00:01:10]}
fxe4 {[%clk 00:46:10]} {[%emt 00:01:23]} 32. Bxe4 {[%clk 01:12:22]} {[%emt
00:00:07]} Rd1+ {[%clk 00:46:20]} {[%emt 00:00:20]} 33. Kg2 {[%clk 01:12:38]}
{[%emt 00:00:13]} Rd2+ {[%clk 00:46:37]} {[%emt 00:00:12]} 34. Kf3 {[%clk
01:13:06]} {[%emt 00:00:03]} Rxa2 {[%clk 00:46:32]} {[%emt 00:00:35]} 35. Kf4
{[%clk 01:13:31]} {[%emt 00:00:05]} Ra5 {[%clk 00:46:23]} {[%emt 00:00:39]} 0-1

[Event "DVM U12 2024"]
[Site "Heidelberg GER"]
[Date "2024.12.30"]
[Round "7"]
[White "Lange, Fynn Jeremy"]
[Black "Svanidze, Alexander"]
[Result "1-0"]
[Termination "normal"]
[Board "1.2"]
[WhiteElo "1878"]
[BlackElo "1615"]
[WhiteClock "00:42:23"]
[BlackClock "00:26:43"]
[WhiteTeam "TV Tegernsee"]
[BlackTeam "SC Borussia Lichtenberg"]
[PlyCount "67"]
[WhiteFideId "34616365"]
[BlackFideId "34623469"]
[EventCountry "GER"]
[EventRounds "7"]
[EventType "team-swiss"]
[EventDate "2024.12.26"]

1. c4 {[%clk 01:30:46]} {[%emt 00:00:14]} Nf6 {[%clk 01:30:51]} {[%emt
00:00:09]} 2. g3 {[%clk 01:30:58]} {[%emt 00:00:17]} g6 {[%clk 01:30:59]}
{[%emt 00:00:23]} 3. Bg2 {[%clk 01:30:50]} {[%emt 00:00:38]} Bg7 {[%clk
01:31:18]} {[%emt 00:00:13]} 4. Nc3 {[%clk 01:31:10]} {[%emt 00:00:10]} O-O
{[%clk 01:31:38]} {[%emt 00:00:10]} 5. e4 {[%clk 01:31:36]} {[%emt 00:00:04]}
d6 {[%clk 01:31:39]} {[%emt 00:00:29]} 6. Nge2 {[%clk 01:31:33]} {[%emt
00:00:32]} e5 {[%clk 01:31:15]} {[%emt 00:00:54]} 7. O-O {[%clk 01:31:44]}
{[%emt 00:00:19]} Nbd7 {[%clk 01:30:38]} {[%emt 00:01:07]} 8. d3 {[%clk
01:31:56]} {[%emt 00:00:18]} a5 {[%clk 01:29:43]} {[%emt 00:01:25]} 9. f4
{[%clk 01:30:43]} {[%emt 00:01:43]} c6 {[%clk 01:18:26]} {[%emt 00:11:48]} 10.
h3 {[%clk 01:29:15]} {[%emt 00:01:58]} h6 {[%clk 01:13:27]} {[%emt 00:05:29]}
11. Be3 {[%clk 01:27:40]} {[%emt 00:02:05]} Nh7 {[%clk 01:12:15]} {[%emt
00:01:41]} 12. Qd2 {[%clk 01:25:37]} {[%emt 00:02:34]} g5 {[%clk 01:01:24]}
{[%emt 00:11:21]} 13. d4 {[%clk 01:14:20]} {[%emt 00:11:47]} f6 {[%clk
00:56:54]} {[%emt 00:05:00]} 14. Rad1 {[%clk 01:14:08]} {[%emt 00:00:42]} Qe7
{[%clk 00:52:34]} {[%emt 00:04:51]} 15. a3 {[%clk 01:03:52]} {[%emt 00:10:46]}
Rb8 {[%clk 00:38:16]} {[%emt 00:14:47]} 16. b4 {[%clk 00:59:51]} {[%emt
00:04:32]} axb4 {[%clk 00:38:37]} {[%emt 00:00:08]} 17. axb4 {[%clk 01:00:06]}
{[%emt 00:00:15]} b6 {[%clk 00:37:53]} {[%emt 00:01:14]} 18. b5 {[%clk
00:54:37]} {[%emt 00:06:00]} c5 {[%clk 00:37:03]} {[%emt 00:01:20]} 19. dxc5
{[%clk 00:53:25]} {[%emt 00:01:40]} dxc5 {[%clk 00:37:03]} {[%emt 00:00:30]}
20. Nd5 {[%clk 00:53:52]} {[%emt 00:00:04]} Qd8 {[%clk 00:37:21]} {[%emt
00:00:13]} 21. Bf3 {[%clk 00:49:03]} {[%emt 00:05:19]} Bb7 {[%clk 00:34:02]}
{[%emt 00:03:49]} 22. Nec3 {[%clk 00:49:22]} {[%emt 00:00:11]} Ba8 {[%clk
00:32:34]} {[%emt 00:01:57]} 23. Bg4 {[%clk 00:48:36]} {[%emt 00:01:17]} Kh8
{[%clk 00:31:49]} {[%emt 00:01:15]} 24. h4 {[%clk 00:48:47]} {[%emt 00:00:19]}
gxh4 {[%clk 00:31:38]} {[%emt 00:00:40]} 25. gxh4 {[%clk 00:48:19]} {[%emt
00:00:58]} exf4 {[%clk 00:30:33]} {[%emt 00:01:35]} 26. Bxf4 {[%clk 00:48:09]}
{[%emt 00:00:39]} Ne5 {[%clk 00:30:48]} {[%emt 00:00:15]} 27. Bf5 {[%clk
00:45:10]} {[%emt 00:03:30]} Nxc4 {[%clk 00:29:37]} {[%emt 00:01:41]} 28. Qe2
{[%clk 00:43:40]} {[%emt 00:02:00]} Ne5 {[%clk 00:29:53]} {[%emt 00:00:13]} 29.
Bxe5 {[%clk 00:43:56]} {[%emt 00:00:14]} fxe5 {[%clk 00:29:46]} {[%emt
00:00:37]} 30. Nf4 {[%clk 00:44:20]} {[%emt 00:00:06]} Qe8 {[%clk 00:27:08]}
{[%emt 00:03:07]} 31. Ng6+ {[%clk 00:43:51]} {[%emt 00:00:59]} Kg8 {[%clk
00:27:16]} {[%emt 00:00:23]} 32. Qc4+ {[%clk 00:42:42]} {[%emt 00:01:40]} Rf7
{[%clk 00:27:23]} {[%emt 00:00:22]} 33. Be6 {[%clk 00:43:06]} {[%emt 00:00:06]}
Rbb7 {[%clk 00:26:43]} {[%emt 00:01:11]} 34. Rd8 {[%clk 00:42:23]} {[%emt
00:00:32]} 1-0

[Event "DVM U12 2024"]
[Site "Heidelberg GER"]
[Date "2024.12.30"]
[Round "7"]
[White "Berndt, Ronson"]
[Black "Serwane, Ruben"]
[Result "1/2-1/2"]
[Termination "normal"]
[Board "1.3"]
[WhiteElo "1813"]
[BlackElo "1799"]
[WhiteClock "00:01:18"]
[BlackClock "00:58:22"]
[WhiteTeam "SC Borussia Lichtenberg"]
[BlackTeam "TV Tegernsee"]
[PlyCount "91"]
[WhiteFideId "34618694"]
[BlackFideId "34660232"]
[EventCountry "GER"]
[EventRounds "7"]
[EventType "team-swiss"]
[EventDate "2024.12.26"]

1. e4 {[%clk 01:30:48]} {[%emt 00:00:11]} e5 {[%clk 01:30:41]} {[%emt
00:00:20]} 2. Nf3 {[%clk 01:31:01]} {[%emt 00:00:17]} Nc6 {[%clk 01:30:48]}
{[%emt 00:00:24]} 3. Nc3 {[%clk 01:31:22]} {[%emt 00:00:08]} Nf6 {[%clk
01:30:54]} {[%emt 00:00:25]} 4. Bb5 {[%clk 01:31:39]} {[%emt 00:00:12]} Nd4
{[%clk 01:30:39]} {[%emt 00:00:45]} 5. Bc4 {[%clk 01:28:31]} {[%emt 00:03:38]}
Bc5 {[%clk 01:28:27]} {[%emt 00:02:43]} 6. d3 {[%clk 01:24:16]} {[%emt
00:04:44]} d6 {[%clk 01:28:02]} {[%emt 00:00:55]} 7. h3 {[%clk 01:22:51]}
{[%emt 00:01:55]} h6 {[%clk 01:27:37]} {[%emt 00:00:56]} 8. Nxd4 {[%clk
01:20:35]} {[%emt 00:02:44]} Bxd4 {[%clk 01:26:56]} {[%emt 00:01:13]} 9. Ne2
{[%clk 01:18:40]} {[%emt 00:02:22]} Bb6 {[%clk 01:25:44]} {[%emt 00:01:44]} 10.
Ng3 {[%clk 01:15:47]} {[%emt 00:03:22]} c6 {[%clk 01:24:18]} {[%emt 00:01:58]}
11. Qe2 {[%clk 01:04:49]} {[%emt 00:11:27]} Qe7 {[%clk 01:22:59]} {[%emt
00:01:50]} 12. O-O {[%clk 01:02:58]} {[%emt 00:02:19]} O-O {[%clk 01:22:35]}
{[%emt 00:00:55]} 13. Be3 {[%clk 00:54:05]} {[%emt 00:09:23]} d5 {[%clk
01:21:45]} {[%emt 00:01:21]} 14. exd5 {[%clk 00:53:51]} {[%emt 00:00:44]} cxd5
{[%clk 01:21:27]} {[%emt 00:00:47]} 15. Bb3 {[%clk 00:54:05]} {[%emt 00:00:15]}
d4 {[%clk 01:20:22]} {[%emt 00:01:36]} 16. Bd2 {[%clk 00:53:57]} {[%emt
00:00:37]} Bc7 {[%emt 00:06:40]} 17. Rae1 {[%clk 00:49:03]} {[%emt 00:00:01]}
Re8 {[%clk 01:18:21]} {[%emt 00:01:44]} 18. f4 {[%clk 00:46:53]} {[%emt
00:02:37]} Bd7 {[%clk 01:14:05]} {[%emt 00:04:49]} 19. fxe5 {[%clk 00:42:05]}
{[%emt 00:05:18]} Qxe5 {[%clk 01:13:38]} {[%emt 00:00:57]} 20. Qxe5 {[%clk
00:42:25]} {[%emt 00:00:10]} Bxe5 {[%emt 00:00:46]} 21. Ne4 {[%emt 00:00:37]}
Be6 {[%clk 01:04:30]} {[%emt 00:08:15]} 22. Nxf6+ {[%clk 00:40:44]} {[%emt
00:02:11]} Bxf6 {[%clk 01:03:57]} {[%emt 00:01:03]} 23. Bxe6 {[%clk 00:40:10]}
{[%emt 00:01:04]} Rxe6 {[%clk 01:04:11]} {[%emt 00:00:16]} 24. Rxe6 {[%clk
00:40:31]} {[%emt 00:00:08]} fxe6 {[%clk 01:04:28]} {[%emt 00:00:14]} 25. Bxh6
{[%clk 00:40:21]} {[%emt 00:00:40]} Rc8 {[%clk 01:04:35]} {[%emt 00:00:23]} 26.
Bf4 {[%clk 00:39:07]} {[%emt 00:01:42]} Rxc2 {[%clk 01:04:22]} {[%emt
00:00:46]} 27. Rf2 {[%clk 00:39:04]} {[%emt 00:00:29]} Rxf2 {[%clk 01:00:37]}
{[%emt 00:04:18]} 28. Kxf2 {[%clk 00:39:23]} {[%emt 00:00:10]} Kf7 {[%clk
00:58:16]} {[%emt 00:02:53]} 29. Kf3 {[%clk 00:37:56]} {[%emt 00:01:55]} e5
{[%clk 00:57:50]} {[%emt 00:00:58]} 30. Bh2 {[%clk 00:35:50]} {[%emt 00:02:34]}
Ke6 {[%clk 00:58:09]} {[%emt 00:00:13]} 31. Ke4 {[%clk 00:35:53]} {[%emt
00:00:27]} g6 {[%clk 00:58:05]} {[%emt 00:00:34]} 32. g4 {[%clk 00:36:11]}
{[%emt 00:00:10]} g5 {[%clk 00:58:05]} {[%emt 00:00:31]} 33. Bg3 {[%clk
00:34:27]} {[%emt 00:02:12]} Bg7 {[%clk 00:57:07]} {[%emt 00:01:30]} 34. h4
{[%clk 00:34:05]} {[%emt 00:00:51]} gxh4 {[%clk 00:57:21]} {[%emt 00:00:17]}
35. Bxh4 {[%clk 00:33:44]} {[%emt 00:00:49]} b5 {[%clk 00:57:27]} {[%emt
00:00:27]} 36. Bd8 {[%clk 00:27:49]} {[%emt 00:06:25]} Bh8 {[%clk 00:56:36]}
{[%emt 00:01:21]} 37. b3 {[%clk 00:27:34]} {[%emt 00:00:44]} a6 {[%clk
00:56:58]} {[%emt 00:00:09]} 38. a4 {[%clk 00:13:17]} {[%emt 00:14:47]} Bg7
{[%clk 00:57:13]} {[%emt 00:00:15]} 39. axb5 {[%clk 00:13:12]} {[%emt
00:00:35]} axb5 {[%clk 00:57:33]} {[%emt 00:00:10]} 40. g5 {[%clk 00:12:33]}
{[%emt 00:01:08]} Bh8 {[%clk 00:57:44]} {[%emt 00:00:19]} 41. g6 {[%clk
00:12:19]} {[%emt 00:00:44]} Bg7 {[%clk 00:58:06]} {[%emt 00:00:09]} 42. Bg5
{[%clk 00:12:37]} {[%emt 00:00:11]} Bf8 {[%clk 00:58:27]} {[%emt 00:00:10]} 43.
Bd8 {[%clk 00:10:10]} {[%emt 00:02:55]} Bg7 {[%clk 00:58:30]} {[%emt 00:00:28]}
44. Bg5 {[%clk 00:07:32]} {[%emt 00:03:07]} Bf8 {[%clk 00:58:06]} {[%emt
00:00:55]} 45. Bh4 {[%clk 00:02:24]} {[%emt 00:05:37]} Bg7 {[%clk 00:58:22]}
{[%emt 00:00:15]} 46. Bg5 {[%clk 00:01:18]} {[%emt 00:01:03]} 1/2-1/2

[Event "DVM U12 2024"]
[Site "Heidelberg GER"]
[Date "2024.12.30"]
[Round "7"]
[White "Merle, Atreyu Lukas"]
[Black "Bergmann, Rafael Antonio"]
[Result "1-0"]
[Termination "normal"]
[Board "1.4"]
[WhiteElo "1380"]
[BlackElo "1647"]
[WhiteClock "00:17:57"]
[BlackClock "00:24:29"]
[WhiteTeam "TV Tegernsee"]
[BlackTeam "SC Borussia Lichtenberg"]
[PlyCount "99"]
[WhiteFideId "34670033"]
[BlackFideId "34635076"]
[EventCountry "GER"]
[EventRounds "7"]
[EventType "team-swiss"]
[EventDate "2024.12.26"]

1. e4 {[%clk 01:30:58]} e5 {[%clk 01:30:57]} {[%emt 00:00:04]} 2. Nf3 {[%clk
01:31:22]} {[%emt 00:00:06]} Nc6 {[%clk 01:31:23]} {[%emt 00:00:04]} 3. Bc4
{[%clk 01:31:45]} {[%emt 00:00:07]} Bc5 {[%clk 01:31:50]} {[%emt 00:00:03]} 4.
c3 {[%clk 01:32:06]} {[%emt 00:00:09]} Nf6 {[%clk 01:32:16]} {[%emt 00:00:04]}
5. d4 {[%clk 01:32:30]} {[%emt 00:00:06]} exd4 {[%clk 01:32:42]} {[%emt
00:00:04]} 6. cxd4 {[%clk 01:32:53]} {[%emt 00:00:07]} Bb4+ {[%clk 01:33:05]}
{[%emt 00:00:07]} 7. Nc3 {[%clk 01:33:16]} {[%emt 00:00:08]} Nxe4 {[%clk
01:33:30]} {[%emt 00:00:04]} 8. O-O {[%clk 01:33:33]} {[%emt 00:00:13]} Bxc3
{[%clk 01:33:58]} {[%emt 00:00:03]} 9. d5 {[%clk 01:33:52]} {[%emt 00:00:11]}
Bf6 {[%clk 01:34:24]} {[%emt 00:00:03]} 10. Re1 {[%clk 01:34:14]} {[%emt
00:00:08]} Ne7 {[%clk 01:34:49]} {[%emt 00:00:05]} 11. Rxe4 {[%clk 01:32:38]}
{[%emt 00:02:05]} d6 {[%clk 01:35:15]} {[%emt 00:00:06]} 12. Bg5 {[%clk
01:32:42]} {[%emt 00:00:26]} Bxg5 {[%clk 01:35:36]} {[%emt 00:00:09]} 13. Nxg5
{[%clk 01:33:06]} {[%emt 00:00:05]} h6 {[%clk 01:35:56]} {[%emt 00:00:11]} 14.
Qa4+ {[%clk 01:33:24]} {[%emt 00:00:12]} Bd7 {[%clk 01:36:07]} {[%emt
00:00:19]} 15. Qb3 {[%clk 01:33:45]} {[%emt 00:00:09]} O-O {[%clk 01:27:05]}
{[%emt 00:09:31]} 16. Rae1 {[%clk 01:32:09]} {[%emt 00:02:05]} Ng6 {[%clk
01:26:11]} {[%emt 00:01:25]} 17. Nf3 {[%clk 01:28:21]} {[%emt 00:04:18]} Rb8
{[%clk 01:05:14]} {[%emt 00:21:27]} 18. Bd3 {[%clk 01:19:41]} {[%emt 00:09:09]}
Bf5 {[%clk 01:02:16]} {[%emt 00:03:29]} 19. R4e3 {[%clk 01:18:22]} {[%emt
00:01:49]} Bxd3 {[%clk 01:02:42]} {[%emt 00:00:05]} 20. Qxd3 {[%clk 01:18:37]}
{[%emt 00:00:14]} Qf6 {[%clk 01:02:28]} {[%emt 00:00:44]} 21. Nd4 {[%clk
01:16:32]} {[%emt 00:02:35]} Ne5 {[%clk 01:00:34]} {[%emt 00:02:24]} 22. Qc3
{[%clk 01:11:02]} {[%emt 00:05:59]} Rbc8 {[%clk 00:51:02]} {[%emt 00:10:03]}
23. Rg3 {[%clk 01:03:25]} {[%emt 00:08:06]} c6 {[%clk 00:44:31]} {[%emt
00:07:02]} 24. Qb3 {[%clk 00:55:41]} {[%emt 00:08:14]} Rfe8 {[%clk 00:39:53]}
{[%emt 00:05:09]} 25. h3 {[%clk 00:46:27]} {[%emt 00:09:44]} c5 {[%clk
00:38:00]} {[%emt 00:02:24]} 26. Nc2 {[%clk 00:44:09]} {[%emt 00:02:47]} b6
{[%clk 00:37:23]} {[%emt 00:01:08]} 27. Qa4 {[%clk 00:37:39]} {[%emt 00:07:00]}
Re7 {[%clk 00:35:39]} {[%emt 00:02:13]} 28. Rge3 {[%clk 00:34:09]} {[%emt
00:04:01]} Rce8 {[%clk 00:34:38]} {[%emt 00:01:32]} 29. Qb3 {[%clk 00:32:43]}
{[%emt 00:01:54]} Qg5 {[%clk 00:33:45]} {[%emt 00:01:25]} 30. Qc3 {[%clk
00:31:30]} {[%emt 00:01:43]} b5 {[%clk 00:31:33]} {[%emt 00:02:43]} 31. Rg3
{[%clk 00:29:03]} {[%emt 00:02:57]} Qf6 {[%clk 00:31:02]} {[%emt 00:01:01]} 32.
Ree3 {[%clk 00:27:18]} {[%emt 00:02:14]} b4 {[%clk 00:30:45]} {[%emt 00:00:47]}
33. Qb3 {[%clk 00:24:25]} {[%emt 00:03:24]} Qf4 {[%clk 00:29:59]} {[%emt
00:01:16]} 34. a3 {[%clk 00:24:11]} {[%emt 00:00:45]} Qc4 {[%clk 00:27:34]}
{[%emt 00:02:54]} 35. Qxc4 {[%clk 00:21:42]} {[%emt 00:02:46]} Nxc4 {[%clk
00:28:02]} {[%emt 00:00:15]} 36. Rxe7 {[%clk 00:21:34]} {[%emt 00:00:37]} Rxe7
{[%clk 00:28:28]} {[%emt 00:00:04]} 37. axb4 {[%clk 00:21:49]} {[%emt
00:00:15]} Re2 {[%clk 00:28:37]} {[%emt 00:00:21]} 38. Rc3 {[%clk 00:20:25]}
{[%emt 00:01:55]} Nxb2 {[%clk 00:28:38]} {[%emt 00:00:30]} 39. bxc5 {[%clk
00:20:45]} {[%emt 00:00:10]} dxc5 {[%clk 00:28:26]} {[%emt 00:00:42]} 40. Rxc5
{[%clk 00:20:17]} {[%emt 00:00:58]} Nd3 {[%clk 00:28:30]} {[%emt 00:00:25]} 41.
Rc8+ {[%clk 00:20:17]} {[%emt 00:00:30]} Kh7 {[%clk 00:28:45]} {[%emt
00:00:15]} 42. d6 {[%clk 00:20:34]} {[%emt 00:00:14]} Ne5 {[%clk 00:28:56]}
{[%emt 00:00:19]} 43. f4 {[%clk 00:20:36]} {[%emt 00:00:28]} Nd7 {[%clk
00:28:41]} {[%emt 00:00:45]} 44. Na3 {[%clk 00:19:54]} {[%emt 00:01:12]} Rd2
{[%clk 00:28:45]} {[%emt 00:00:24]} 45. Nc4 {[%clk 00:17:44]} {[%emt 00:02:41]}
Rd4 {[%clk 00:29:08]} {[%emt 00:00:07]} 46. Ne5 {[%clk 00:17:53]} {[%emt
00:00:20]} Nb6 {[%clk 00:27:57]} {[%emt 00:01:41]} 47. d7 {[%clk 00:17:44]}
{[%emt 00:00:39]} Nxd7 {[%clk 00:26:30]} {[%emt 00:01:57]} 48. Rd8 {[%clk
00:17:55]} {[%emt 00:00:20]} f6 {[%clk 00:25:22]} {[%emt 00:01:38]} 49. Nxd7
{[%clk 00:18:02]} {[%emt 00:00:22]} Rxf4 {[%clk 00:24:29]} {[%emt 00:01:23]}
50. Nf8+ {[%clk 00:17:57]} {[%emt 00:00:35]} 1-0

[Event "DVM U12 2024"]
[Site "Heidelberg GER"]
[Date "2024.12.30"]
[Round "7"]
[White "Kovalskyy, Alicia"]
[Black "Fadeev, Justin Michael"]
[Result "1-0"]
[Termination "normal"]
[Board "2.1"]
[WhiteElo "1757"]
[BlackElo "1893"]
[WhiteClock "00:29:02"]
[BlackClock "00:15:25"]
[WhiteTeam "Düsseldorfer SV 1854"]
[BlackTeam "Barnimer SF im SV Stahl Finow"]
[PlyCount "57"]
[WhiteFideId "34612130"]
[BlackFideId "34602968"]
[EventCountry "GER"]
[EventRounds "7"]
[EventType "team-swiss"]
[EventDate "2024.12.26"]

1. e4 {[%clk 01:30:59]} c5 {[%clk 01:30:55]} {[%emt 00:00:05]} 2. Nf3 {[%clk
01:31:24]} {[%emt 00:00:06]} Nc6 {[%clk 01:31:22]} {[%emt 00:00:03]} 3. d4
{[%clk 01:31:50]} {[%emt 00:00:04]} cxd4 {[%clk 01:31:49]} {[%emt 00:00:03]} 4.
Nxd4 {[%clk 01:32:16]} {[%emt 00:00:04]} g6 {[%clk 01:32:16]} {[%emt 00:00:03]}
5. c4 {[%clk 01:32:41]} {[%emt 00:00:05]} Bg7 {[%clk 01:32:39]} {[%emt
00:00:06]} 6. Be3 {[%clk 01:32:57]} {[%emt 00:00:14]} Nf6 {[%clk 01:32:56]}
{[%emt 00:00:14]} 7. Nc3 {[%clk 01:33:22]} {[%emt 00:00:05]} O-O {[%clk
01:33:18]} {[%emt 00:00:07]} 8. Be2 {[%clk 01:33:30]} {[%emt 00:00:23]} d6
{[%clk 01:33:26]} {[%emt 00:00:22]} 9. O-O {[%clk 01:33:01]} {[%emt 00:00:57]}
Bd7 {[%clk 01:33:54]} {[%emt 00:00:04]} 10. Rc1 {[%clk 01:32:47]} {[%emt
00:00:44]} Nxd4 {[%clk 01:34:01]} {[%emt 00:00:22]} 11. Bxd4 {[%clk 01:33:03]}
{[%emt 00:00:14]} Bc6 {[%clk 01:34:26]} {[%emt 00:00:05]} 12. f3 {[%clk
01:31:33]} {[%emt 00:02:00]} a5 {[%clk 01:34:29]} {[%emt 00:00:28]} 13. Nd5
{[%clk 01:30:16]} {[%emt 00:01:47]} Nd7 {[%clk 01:29:06]} {[%emt 00:05:53]} 14.
Bxg7 {[%clk 01:22:34]} {[%emt 00:08:12]} Kxg7 {[%clk 01:29:28]} {[%emt
00:00:07]} 15. Qd4+ {[%clk 01:22:46]} {[%emt 00:00:19]} Kg8 {[%clk 01:27:06]}
{[%emt 00:02:52]} 16. f4 {[%clk 01:20:34]} {[%emt 00:02:43]} Rc8 {[%clk
01:20:16]} {[%emt 00:07:20]} 17. f5 {[%clk 01:16:08]} {[%emt 00:04:55]} e6
{[%clk 01:07:33]} {[%emt 00:13:12]} 18. fxe6 {[%clk 00:57:18]} {[%emt
00:19:19]} fxe6 {[%clk 01:07:39]} {[%emt 00:00:26]} 19. Bg4 {[%clk 00:57:23]}
{[%emt 00:00:26]} Bxd5 {[%emt 00:11:04]} 20. exd5 {[%clk 00:57:27]} {[%emt
00:00:24]} e5 {[%clk 00:56:22]} {[%emt 00:01:14]} 21. Qe3 {[%clk 00:51:51]}
{[%emt 00:06:06]} Rxf1+ {[%clk 00:50:47]} {[%emt 00:06:06]} 22. Rxf1 {[%clk
00:44:42]} {[%emt 00:07:39]} Rc7 {[%clk 00:37:29]} {[%emt 00:13:48]} 23. Be6+
{[%clk 00:44:51]} {[%emt 00:00:21]} Kh8 {[%clk 00:37:51]} {[%emt 00:00:07]} 24.
Qh6 {[%clk 00:30:34]} {[%emt 00:14:46]} Nf6 {[%clk 00:37:43]} {[%emt 00:00:39]}
25. g4 {[%clk 00:30:06]} {[%emt 00:00:59]} Rg7 {[%clk 00:17:46]} {[%emt
00:20:26]} 26. Qg5 {[%clk 00:28:44]} {[%emt 00:01:52]} Qb6+ {[%clk 00:18:09]}
{[%emt 00:00:08]} 27. Kh1 {[%clk 00:28:41]} {[%emt 00:00:32]} Ng8 {[%clk
00:17:43]} {[%emt 00:00:56]} 28. Rf8 {[%clk 00:28:43]} {[%emt 00:00:29]} Qd4
{[%clk 00:15:25]} {[%emt 00:02:47]} 29. Rxg8+ {[%clk 00:29:02]} {[%emt
00:00:10]} 1-0